LEADER 00928nas a2200217 i 4500 001 000000212107 003 CaOOAMICUS 005 20120327000000.0 008 120327b1987 it uu u0 0ita r 013 $a190936 040 $aSeMil$bita 245 10$aFarsi prossimo nella città. 260 $aMilano :$bCentro Sociale Ambrosiano,$c1987. 300 $a48 p. ;$c21 cm. 500 $aIn copertina : Diocesi di Milano, scuola di formazione all'impegno sociale e politico ; Speciale scuola diocesana, sussidio didattico 1. 773 0 $tOrientamenti.$dMilano : Centro Sociale Ambrosiano, 1978-2006.$w()2569 850 $aSeMil 852 $aSeMil$W1$xVenegono$y1$m235 3 13/S1$j162542$B162542$CSeMilBibl$Z2$F173774 $85 961 $aOmaggio: Castiglioni don Tommaso 996 $6245$aFarsi prossimo nella città$9(OLS)http://semarc/title/144349 996 $6260$aMilano :$bCentro Sociale Ambrosiano$9(OLS)http://semarc/publisher/30800 LEADER 00995nam a2200205 i 4500 001 000000185791 003 CaOOAMICUS 005 20100215000000.0 008 100215s1921 it u000 u fre u 013 $a163825 040 $aSeMil$bita 100 1 $aLetourneau, Georges,$d<1850-1926>.$0(OLS)http://semarc/name/6683 245 10$aSous la Conduite de M. Olier :$bTextes choisis dans ses Euvres et disposés en forme de Retraite Sacerdotale /$cPar G. Letourneau Curé de Saint-Sulpice. 260 $aParis :$bVictor Lecoffre,$c1921. 300 $aVII, 274 p. ;$c18 cm. 650 4$aSacerdoti - Ritiri spirituali - Testi.$0(OLS)http://semarc/subject/1351 850 $aSeMil 852 $aSeMil$W1$xVenegono$y1$m3F I 72$j136478$B136478$CSeMilBibl$Z2$F148003 $81 996 $6245$aSous la Conduite de M. Olier :$bTextes choisis dans ses Euvres et disposés en forme de Retraite Sacerdotale$9(OLS)http://semarc/title/267071 996 $6260$aParis :$bVictor Lecoffre$9(OLS)http://semarc/publisher/31317